Top 216 prénoms filles 2005 France - Statistiques

Statistiques générales
  • Ce quiz a été pris 342 fois
  • Le résultat moyen est 93 sur 216
Statistiques - réponses
Top Hist Réponse % Correct
2 L Léa
94%
1 E Emma
93%
4 M Manon
87%
52 A Anna
86%
5 C Chloé
82%
3 C Clara
81%
12 M Marie
81%
22 J Juliette
80%
26 L Lou
80%
28 L Louise
80%
78 S Sara
80%
23 Z Zoé
80%
15 J Julie
79%
6 C Camille
78%
9 J Jade
78%
27 P Pauline
78%
7 I Inès
77%
107 LA Lou-Ann / Lou-Anne
77%
10 L Lucie
76%
41 E Elisa
73%
31 J Jeanne
72%
35 J Justine
71%
8 S Sarah
71%
155 L Léana
70%
17 L Lisa
70%
61 A Amélie
69%
212 L Lucy
68%
127 A Amel
67%
39 C Carla
67%
29 C Charlotte
67%
14 L Lola
67%
40 E Emilie
66%
19 L Laura
66%
18 R Romane
66%
104 R Rose
66%
47 L Louna
65%
51 E Elise
64%
64 J Julia
64%
109 O Olivia
64%
65 V Valentine
64%
37 A Alice
63%
20 E Eva
63%
25 L Lilou
63%
186 L Louanne
63%
16 M Mathilde
63%
34 C Clémence
62%
94 L Lise
62%
50 M Margot
62%
43 M Marine
62%
45 M Maëlle
61%
30 N Noémie
61%
38 L Lina
59%
53 M Marion
59%
11 O Océane
59%
36 A Alicia
58%
95 C Claire
58%
21 L Léna
58%
66 L Louane
58%
49 M Margaux
58%
56 A Agathe
57%
55 N Nina
57%
125 V Victoire
57%
62 E Eloïse
56%
24 C Célia
55%
97 C Clémentine
55%
204 I Iris
55%
113 S Sophie
55%
32 A Ambre
54%
74 L Luna
54%
75 F Fanny
53%
118 L Lila
53%
121 A Alexandra
52%
100 H Héloïse
52%
157 L Laure
52%
81 V Victoria
52%
54 A Amandine
51%
13 A Anaïs
51%
128 C Charline
51%
46 M Mélissa
51%
89 A Adèle
49%
169 C Céline
49%
124 G Gabrielle
49%
134 L Lison
49%
44 M Maëlys
49%
91 S Sofia
49%
67 C Cassandra
48%
152 C Cléa
48%
33 M Maeva
48%
90 N Ninon
48%
73 S Solène
48%
77 E Elodie
47%
154 A Aurélie
46%
143 C Caroline
46%
83 C Cloé
46%
103 E Elena
46%
166 E Emmy
46%
172 E Eve
46%
59 E Elsa
45%
126 F Flora
45%
106 L Lily
45%
88 M Méline
45%
179 M Mila
45%
42 M Morgane
45%
150 O Ophélie
45%
63 Y Yasmine
45%
170 L Lili
44%
79 A Alexia
43%
101 A Audrey
43%
114 E Estelle
43%
148 J Jessica
43%
58 L Léane
43%
70 S Salomé
43%
115 A Alix
42%
174 A Amélia
42%
60 L Lana
42%
86 M Mélina
42%
80 L Laurine
41%
76 A Axelle
40%
132 M Maya
40%
151 C Cassandre
39%
82 C Coralie
39%
96 E Enora
39%
213 H Hélène
39%
69 L Léonie
39%
102 L Lucile
39%
139 M Marina
39%
105 M Mélanie
37%
168 E Elina
36%
142 A Alizée
35%
210 C Cécile
35%
122 E Eléa
35%
48 I Ilona
35%
162 J Joséphine
35%
120 A Aurore
34%
93 C Capucine
34%
99 C Clarisse
34%
178 D Diane
34%
98 E Emeline
34%
209 G Gaëlle
34%
188 H Helena
34%
87 C Coline
33%
173 F Fiona
33%
136 K Kelly
33%
199 L Lara
33%
68 A Anaëlle
32%
112 F Faustine
32%
71 L Loane
32%
119 A Angèle
31%
183 C Cécilia
31%
137 C Constance
31%
214 N Naomie
31%
131 R Rachel
31%
201 M Maud
30%
182 S Sabrina
30%
138 E Eléonore
29%
92 M Myriam
29%
189 R Roxane
29%
153 A Apolline
28%
57 C Candice
28%
135 T Thaïs
28%
202 V Violette
28%
84 A Angelina
27%
72 F Flavie
27%
85 A Andréa
26%
194 L Lalie
26%
161 N Nora
26%
140 G Garance
25%
116 C Chiara
24%
133 L Ludivine
24%
197 M Maïssa
24%
164 O Oriane
24%
123 P Perrine
24%
149 S Selma
24%
146 S Stella
22%
160 A Anissa
21%
207 M Maÿlis
21%
117 A Assia
20%
216 D Daphné
20%
185 J Jasmine
20%
130 O Orlane
20%
208 T Tatiana
20%
215 T Tiffany
20%
205 A Albane
19%
141 A Aya
19%
108 K Kenza
19%
158 L Laëtitia
19%
211 L Laly
19%
177 L Lyna
19%
195 F Florine
18%
147 L Leïla
18%
193 C Camélia
17%
181 L Lilia
17%
176 T Tess
17%
167 E Enola
16%
191 E Esther
16%
129 I Imane
16%
163 M Manël
16%
111 A Alyssa
15%
180 A Amina
14%
200 S Samantha
14%
159 S Shana
14%
184 W Wendy
14%
175 T Tiphaine
13%
171 A Anouk
11%
156 R Rania
11%
187 S Séréna
11%
203 P Paloma
10%
144 S Salma
8%
110 M Maïlys
7%
145 C Chaïma
6%
165 S Sirine
6%
206 L Lizéa
5%
196 M Maïwenn
5%
190 M Marilou
5%
198 T Tessa
5%
192 A Alycia
4%
Aucun quiz correspondant
Distribution des résultats
% des personnes avec chaque résultat
Percentile par nombre de réponses
Votre historique - résultats
Vous n’avez pas pris ce quiz